| 000 -LEADER |
| fixed length control field |
01321nmm a2200385 a 4500 |
| 001 - CONTROL NUMBER |
| control field |
ocm0002146804 |
| 003 - CONTROL NUMBER IDENTIFIER |
| control field |
TR-IsHL |
| 005 - DATE AND TIME OF LATEST TRANSACTION |
| control field |
20201028183857.0 |
| 008 - FIXED-LENGTH DATA ELEMENTS--GENERAL INFORMATION |
| fixed length control field |
190424s2012 tu tur |
| 007 - PHYSICAL DESCRIPTION FIXED FIELD--GENERAL INFORMATION |
| fixed length control field |
cr cn |
| 020 ## - INTERNATIONAL STANDARD BOOK NUMBER |
| International Standard Book Number |
9786054538331 |
| 035 ## - SYSTEM CONTROL NUMBER |
| System control number |
2146804 |
| -- |
(N$T) |
| 050 04 - LIBRARY OF CONGRESS CALL NUMBER |
| Classification number |
HD45 |
| Item number |
.P5619 2012 |
| 090 04 - LOCALLY ASSIGNED LC-TYPE CALL NUMBER (OCLC); LOCAL CALL NUMBER (RLIN) |
| Classification number (OCLC) (R) ; Classification number, CALL (RLIN) (NR) |
HD45 |
| Local cutter number (OCLC) ; Book number/undivided call number, CALL (RLIN) |
.P5619 2012 |
| 100 1# - MAIN ENTRY--PERSONAL NAME |
| Personal name |
Pine, Joseph |
| 245 10 - TITLE STATEMENT |
| Title |
Sonsuz olanak: dijital cephede müşteri değeri yaratmak |
| Medium |
[electronic resource] / |
| Statement of responsibility, etc. |
Joseph Pine ; Kim C. Korn ; çeviri Ümit Şensoy ; Yayına hazırlayan Zülfü Dicleli |
| 260 ## - PUBLICATION, DISTRIBUTION, ETC. |
| Place of publication, distribution, etc. |
İstanbul : |
| Name of publisher, distributor, etc. |
Optimist Yayınları, |
| Date of publication, distribution, etc. |
2012 |
| 300 ## - PHYSICAL DESCRIPTION |
| Extent |
242 p. |
| 500 ## - GENERAL NOTE |
| General note |
|
| International Standard Serial Number (SE) [OBSOLETE] |
|
| 650 #4 - SUBJECT ADDED ENTRY--TOPICAL TERM |
| Topical term or geographic name entry element |
İşletme ve Yönetim |
| 650 #4 - SUBJECT ADDED ENTRY--TOPICAL TERM |
| Topical term or geographic name entry element |
Business Management |
| 650 #0 - SUBJECT ADDED ENTRY--TOPICAL TERM |
| Topical term or geographic name entry element |
Teknolojik yenilikler |
| General subdivision |
Yönetim |
| 650 #0 - SUBJECT ADDED ENTRY--TOPICAL TERM |
| Topical term or geographic name entry element |
Technological innovations |
| General subdivision |
Management |
| 650 #0 - SUBJECT ADDED ENTRY--TOPICAL TERM |
| Topical term or geographic name entry element |
Dijital medya |
| General subdivision |
Yönetim |
| 650 #0 - SUBJECT ADDED ENTRY--TOPICAL TERM |
| Topical term or geographic name entry element |
Digital media |
| General subdivision |
Management |
| 650 #0 - SUBJECT ADDED ENTRY--TOPICAL TERM |
| Topical term or geographic name entry element |
Yeni ürünler |
| 650 #0 - SUBJECT ADDED ENTRY--TOPICAL TERM |
| Topical term or geographic name entry element |
New products |
| 650 #0 - SUBJECT ADDED ENTRY--TOPICAL TERM |
| Topical term or geographic name entry element |
Müşteri ilişkileri |
| 650 #0 - SUBJECT ADDED ENTRY--TOPICAL TERM |
| Topical term or geographic name entry element |
Customer relations |
| 650 #7 - SUBJECT ADDED ENTRY--TOPICAL TERM |
| Topical term or geographic name entry element |
BUSINESS & ECONOMICS / Customer Relations |
| Source of heading or term |
bisacsh |
| 700 1# - ADDED ENTRY--PERSONAL NAME |
| Personal name |
Korn, Kim C. |
| 700 1# - ADDED ENTRY--PERSONAL NAME |
| Personal name |
Şensoy, Ümit |
| 700 1# - ADDED ENTRY--PERSONAL NAME |
| Personal name |
Dicleli, Zülfü |
| 856 40 - ELECTRONIC LOCATION AND ACCESS |
| Uniform Resource Identifier |
<a href="http://search.ebscohost.com/login.aspx?direct=true&scope=site&db=e011xww&AN=2146804">http://search.ebscohost.com/login.aspx?direct=true&scope=site&db=e011xww&AN=2146804</a> |